Index librorum prohibitorum Sanctissimi Domini Gregorii XVI... jussu editus. (Record no. 155909)
[ view plain ]
| 000 -LEADER | |
|---|---|
| campo de control de longitud fija | 00702nam a22002055i 4500 |
| 001 - NÚMERO DE CONTROL | |
| campo de control | 155909 |
| 003 - IDENTIFICADOR DE NÚMERO DE CONTROL | |
| campo de control | ES-MaACL |
| 005 - FECHA Y HORA DE LA ÚLTIMA TRANSACCIÓN | |
| campo de control | 20250825091948.0 |
| 008 - DATOS DE LONGITUD FIJA--INFORMACIÓN GENERAL | |
| campo de control de longitud fija | 940202s1866 sp |||| | lat d |
| 040 ## - FUENTE DE CATALOGACIÓN | |
| Centro catalogador/agencia de origen | CAM |
| Lengua de catalogación | spa |
| 245 00 - MENCIÓN DEL TÍTULO | |
| Título | Index librorum prohibitorum Sanctissimi Domini Gregorii XVI... jussu editus. |
| 250 ## - MENCION DE EDICION | |
| Mención de edición | Editio hispana |
| Resto de la mención de edición | accurante Leone Carbonero et Sol. |
| 260 ## - PUBLICACIÓN, DISTRIBUCIÓN, ETC. | |
| Lugar de publicación, distribución, etc. | Hispali [Sevilla] : |
| Nombre del editor, distribuidor, etc. | [s.n.], |
| Fecha de publicación, distribución, etc. | 1866 ( |
| Fabricante | Typys Antonii Izquierdo) |
| 300 ## - DESCRIPCIÓN FÍSICA | |
| Extensión | L, 445 p., 3 h. ; |
| Dimensiones | 21 cm. |
| 650 #7 - PUNTO DE ACCESO ADICIONAL DE MATERIA--TÉRMINO DE MATERIA | |
| Término de materia o nombre geográfico como elemento de entrada | Libros prohibidos |
| Fuente del encabezamiento o término | embne |
| 9 (RLIN) | 136415 |
| 700 11 - ENTRADA AGREGADA--NOMBRE PERSONAL | |
| Nombre de persona | Izquierdo, Antonio, |
| Término indicativo de función/relación | |
| 9 (RLIN) | 65698 |
| 752 ## - ENTRADA AGREGADA--NOMBRE JERÁRQUICO DEL LUGAR | |
| País o entidad superior | España - |
| Ciudad | Sevilla |
| 852 ## - LOCALIZACIÓN | |
| Ubicación | ES-MaACL |
| Número de control de estantería | G-8336 |
| Nota libre | -- Enc. hol. |
| Estatus retirado | Estado de pérdida | Estado de daño | No para préstamo | Colección | Biblioteca de origen | Biblioteca actual | Ubicación en estantería | Fecha de adquisición | Fuente de adquisición | Total de préstamos | Signatura topográfica completa | Código de barras | Visto por última vez | Precio de reemplazo | Tipo de ítem Koha |
|---|---|---|---|---|---|---|---|---|---|---|---|---|---|---|---|
| Libros del s. XIX | Biblioteca del Ateneo de Madrid | Biblioteca del Ateneo de Madrid | Sala Pecera Planta 3 | 17/01/2008 | G-8336 | 1163104 | 23/02/2023 | 23/02/2023 | Libro impreso antiguo |
